000 01129nam a22003857a 4500
001 0007788
003 KOHA_MİRAKIL
005 20260207001610.0
007 ta
008 111005b1998 tu a|||gr||||#||||0|tur |
020 _a9756951109
_c0,01
040 _aTR-BiSEU
_btur
_cTR-BiSEU
_erda
041 0 _atur
044 _ctu
050 _aHF5655
_b.K39 1998
100 1 _aKaygusuz, Yüksel Sait.
245 1 _aFinansal türev ürünlerinde muhasebe esasları/
_cYüksel Sait Kaygusuz ; Yüksel Sait Kaygusuz.
264 1 _aAnkara :
_bSermaye Piyasası Kurulu
_c1998
300 _axiii, 119 sayfa: tablo
336 _ametin
_btxt
_2rdacontent
337 _aaracısız
_bn
_2rdamedia
338 _acilt
_bnc
_2rdacarrier
490 1 _aYayın ;
_vno.
490 1 _a113.
500 _aKaynakça var.
650 0 _aAccounting.
_92913
650 0 _aFinancial statements.
_93088
650 0 _aRisk management.
_91679
650 0 _aFinancial futures.
_916070
650 0 _aInterest rates.
_919343
650 0 _aOptions (Finance).
_95685
830 1 _aYayın ;
_vno.
_91557
830 1 _a113.
_97846
942 _2lcc
_cBK
999 _c7765
_d7765